[Event "Chigorin Memorial 27th"]
[Site "St Petersburg"]
[Date "2019.10.13"]
[Round "9"]
[White "Pestryakov, Nikita"]
[Black "Shceglov, Mikhail"]
[Result "1-0"]
[WhiteElo "1978"]
[BlackElo "1590"]
[PlyCount "89"]
[EventDate "2019.10.05"]
[EventType "swiss"]
[EventRounds "9"]
[EventCountry "RUS"]
[SourceTitle "EXT 2021"]
[Source "ChessBase"]
[SourceDate "2020.10.23"]
[SourceVersion "1"]
[SourceVersionDate "2020.10.23"]
[SourceQuality "1"]

1. e4 c5 2. c3 d5 3. exd5 Qxd5 4. d4 Nc6 5. Nf3 Bg4 6. Be2 Nf6 7. h3 Bh5 8. c4 Qd7 9. g4 Bg6 10. d5 Nb4 11. Ne5 Qc7 12. Qa4+ Nd7 13. Bf4 Bc2 14. b3 g5 15. Bg3 Bg7 16. Nxf7 Qc8 17. Ne5 Bd3 18. Na3 0-0 19. Qxd7 Bxe5 20. Qxc8 Bc3+ 21. Kf1 Raxc8 22. Rd1 Bxe2+ 23. Kxe2 Nxa2 24. Rd3 Bb2 25. Re3 Bxa3 26. Ra1 Nc3+ 27. Kd3 Bb4 28. Be5 Nxd5 29. cxd5 Rxf2 30. Bc3 Kf7 31. Rxa7 c4+ 32. bxc4 Bc5 33. Rxb7 Bxe3 34. Kxe3 Rh2 35. Kd4 Rxh3 36. Bb4 Re8 37. d6 Ke6 38. dxe7 Rg3 39. Rb6+ Kd7 40. Kd5 Rxg4 41. Rb7+ Kc8 42. Ra7 Kb8 43. Ra5 Rg1 44. Bd6+ Kb7 45. Rb5+ 1-0

[Event "Chigorin Memorial 27th"]
[Site "St Petersburg"]
[Date "2019.10.10"]
[Round "6"]
[White "Koroleva, Mariya"]
[Black "Shceglov, Mikhail"]
[Result "0-1"]
[WhiteElo "1355"]
[BlackElo "1590"]
[PlyCount "78"]
[EventDate "2019.10.05"]
[EventType "swiss"]
[EventRounds "9"]
[EventCountry "RUS"]
[SourceTitle "EXT 2020"]
[Source "ChessBase"]
[SourceDate "2019.10.17"]
[SourceVersion "1"]
[SourceVersionDate "2019.10.17"]
[SourceQuality "1"]

1. e4 c5 2. Nf3 d6 3. d4 cxd4 4. Nxd4 Nf6 5. Nc3 Nc6 6. f3 e6 7. Be3 Be7 8. Qd2 a6 9. 0-0-0 0-0 10. g4 Nxd4 11. Bxd4 b5 12. Bxf6 gxf6 13. Ne2 Bd7 14. h4 Kh8 15. f4 Bc6 16. Bg2 Qc7 17. Nd4 Bb7 18. g5 Rfd8 19. h5 fxg5 20. fxg5 Qc5 21. e5 Bxg2 22. Qxg2 Qxe5 23. Nc6 Qxg5+ 24. Qxg5 Bxg5+ 25. Kb1 Rdc8 26. Rxd6 Bf4 27. Rd4 Rxc6 28. Rxf4 f5 29. h6 Rd6 30. c3 Rf8 31. Rh5 Rf6 32. Rd4 Rxd4 33. cxd4 Kg8 34. Rg5+ Rg6 35. Rh5 Kf7 36. d5 f4 37. Re5 f3 38. dxe6+ Rxe6 39. Rg5 f2 0-1

[Event "Chigorin Memorial 26th"]
[Site "St Petersburg"]
[Date "2018.10.31"]
[Round "5"]
[White "Shceglov, Mikhail"]
[Black "Rudovskii, Filipp"]
[Result "0-1"]
[WhiteElo "1612"]
[BlackElo "2054"]
[PlyCount "83"]
[EventDate "2018.10.27"]
[EventType "swiss"]
[EventRounds "9"]
[EventCountry "RUS"]
[SourceTitle "CBM 187 Extra"]
[Source "ChessBase"]
[SourceDate "2018.11.04"]
[SourceVersion "1"]
[SourceVersionDate "2018.11.04"]
[SourceQuality "1"]

1. e4 c5 2. Nf3 Nc6 3. d4 cxd4 4. Nxd4 Nf6 5. Nc3 e5 6. Ndb5 d6 7. Bg5 a6 8. Na3 b5 9. Bxf6 Qxf6 10. Nd5 Qd8 11. Bxb5 axb5 12. Nxb5 Qa5+ 13. c3 Kd8 14. a4 Rb8 15. b4 Qa6 16. 0-0 Rb7 17. Na3 Qa8 18. a5 Be6 19. Nc4 Qa6 20. Ncb6 Ne7 21. Ne3 Rxb6 22. axb6 Qxb6 23. Ra8+ Nc8 24. Qd3 Be7 25. Nc4 Qc6 26. Rxc8+ Kxc8 27. Na5 Qb6 28. Rb1 Kd7 29. c4 Rb8 30. c5 Qb5 31. c6+ Kc7 32. Qc2 Rb6 33. h3 g6 34. g4 h5 35. f3 hxg4 36. hxg4 d5 37. Qc3 dxe4 38. fxe4 Bxb4 39. Rxb4 Qxb4 40. Qxe5+ Qd6 41. Qxd6+ Kxd6 42. Kf2 0-1